00684nam a2200241 a 4500001001300000003000900013005001700022008004100039020001000080082001600090100002200106245004700128260002900175300000900204500003500213505001000248650001600258700002200274902000800296942000700304952011600311999001500427nice12345678IN_TiNIC20260116012201.0050524s1957 laha grp 000 0 urd  ac10000a922.97bSAL aSalahuddin, Malik aAshab-E-Ahmadb Life of Munshi Zafar Ahmad aLahorebUrdu Pressc1957 a154p aincludes index and biblioraphy2 aIndex aZafar Ahmad1 aSalahuddin, Malik bSRS cBK 001040708StackRoom-aHMIbHMId2007-06-06g100.00l0o922.97 SALp06516r2007-06-06v100.00w2005-05-24yBK c5980d5980